Management information systems : (Record no. 16767)
[ view plain ]
| 000 -LEADER | |
|---|---|
| fixed length control field | 01485aam a2200325 a 4500 |
| 001 - CONTROL NUMBER | |
| control field | 015810848 |
| 003 - CONTROL NUMBER IDENTIFIER | |
| control field | Uk |
| 005 - DATE AND TIME OF LATEST TRANSACTION | |
| control field | 20120106115253.0 |
| 008 - FIXED-LENGTH DATA ELEMENTS--GENERAL INFORMATION | |
| fixed length control field | 110614s2012 maua b |001 0|eng c |
| 020 ## - INTERNATIONAL STANDARD BOOK NUMBER | |
| International Standard Book Number | 027375453X |
| 020 ## - INTERNATIONAL STANDARD BOOK NUMBER | |
| International Standard Book Number | 9780273754534 |
| 020 ## - INTERNATIONAL STANDARD BOOK NUMBER | |
| Cancelled/invalid ISBN | 0273754548 (Student access code) |
| 020 ## - INTERNATIONAL STANDARD BOOK NUMBER | |
| Cancelled/invalid ISBN | 9780273754541 (Student access code) |
| 082 04 - DEWEY DECIMAL CLASSIFICATION NUMBER | |
| Classification number | 025.04 |
| Edition number | 22 |
| Item number | LAU |
| 100 1# - MAIN ENTRY--PERSONAL NAME | |
| Personal name | Laudon, Kenneth C., |
| Dates associated with a name | 1944- |
| 9 (RLIN) | 30118 |
| 245 10 - TITLE STATEMENT | |
| Title | Management Information Systems : |
| Remainder of title | Managing the Digital Firm / |
| Statement of responsibility, etc | Kenneth C. Laudon, Jane P. Laudon. |
| 250 ## - EDITION STATEMENT | |
| Edition statement | 12th ed., Global ed. |
| 260 ## - PUBLICATION, DISTRIBUTION, ETC. (IMPRINT) | |
| Place of publication, distribution, etc | Boston ; |
| -- | London : |
| Name of publisher, distributor, etc | Pearson, |
| Date of publication, distribution, etc | c2012. |
| 300 ## - PHYSICAL DESCRIPTION | |
| Extent | 630 p. : |
| Other physical details | col. ill. ; |
| Dimensions | 28 cm. |
| 500 ## - GENERAL NOTE | |
| General note | Student access code card inserted. |
| 504 ## - BIBLIOGRAPHY, ETC. NOTE | |
| Bibliography, etc | Includes bibliographical references and index. |
| 650 #0 - SUBJECT ADDED ENTRY--TOPICAL TERM | |
| Topical term or geographic name as entry element | Management information systems. |
| 9 (RLIN) | 30119 |
| 653 ## - INDEX TERM--UNCONTROLLED | |
| Resource For college | |
| Arrived date list | June2012 |
| 700 1# - ADDED ENTRY--PERSONAL NAME | |
| Personal name | Laudon, Jane Price. |
| 9 (RLIN) | 30120 |
| 942 ## - ADDED ENTRY ELEMENTS (KOHA) | |
| Source of classification or shelving scheme | Dewey Decimal Classification |
| Item type | Book - Borrowing |
| Withdrawn status | Item status | Source of classification or shelving scheme | Damaged status | Not for loan | Vendor | Home library | Current library | Shelving location | Date acquired | Total Checkouts | Total Renewals | Full call number | Barcode | Date last seen | Date last borrowed | Koha item type | Source of acquisition | Cost, normal purchase price | Cost, replacement price |
|---|---|---|---|---|---|---|---|---|---|---|---|---|---|---|---|---|---|---|---|
| Dewey Decimal Classification | Baccah | Central Library | Central Library | First floor | 13/06/2012 | 5 | 22 | 658.4038 LAU | 000026824 | 15/07/2025 | 24/02/2020 | Book - Borrowing | |||||||
| Dewey Decimal Classification | Baccah | Central Library | Central Library | First floor | 13/06/2012 | 3 | 9 | 658.4038 LAU | 000026825 | 15/07/2025 | 03/05/2017 | Book - Borrowing | |||||||
| Dewey Decimal Classification | Baccah | Central Library | Central Library | First floor | 13/06/2012 | 5 | 8 | 658.4038 LAU | 000026826 | 15/07/2025 | 28/04/2021 | Book - Borrowing | |||||||
| Lost and Paid For | Dewey Decimal Classification | Baccah | Central Library | Central Library | First floor | 13/06/2012 | 1 | 81 | 658.4038 LAU | 000026827 | 08/04/2015 | 08/04/2015 | Book - Borrowing | Purchase | 200.00 | 250.00 | |||
| Dewey Decimal Classification | Central Library | Central Library | First floor | 10/05/2018 | 658.4038 LAU | 000047743 | 15/07/2025 | Book - Borrowing |